Buts de l'équipe de France face à Gibraltar, novembre 2023 - Statistiques

Statistiques générales
  • Ce quiz a été pris 61 fois
  • Le résultat moyen est 7 sur 10
Statistiques - réponses
Réponse % Correct
Kylian Mbappé
100%
Olivier Giroud
94%
Ousmane Dembélé
86%
Warren Zaïre-Emery
75%
Adrien Rabiot
69%
Kingsley Coman
63%
Marcus Thuram
63%
Jonathan Clauss
49%
Youssouf Fofana
47%
Ethan Santos
20%
Aucun quiz correspondant
Distribution des résultats
% des personnes avec chaque résultat
Percentile par nombre de réponses
Votre historique - résultats
Vous n’avez pas pris ce quiz